| 000 | 00653 a2200217 4500 | ||
|---|---|---|---|
| 003 | OSt | ||
| 005 | 20180116192326.0 | ||
| 008 | 120215t xxu||||| |||| 00| 0 eng d | ||
| 010 | _a 98012769 | ||
| 020 | _a0632042621 (pbk.) | ||
| 020 | _a9780632042623 | ||
| 040 | _c0 | ||
| 082 | 0 | 0 | _a624.1771 |
| 100 | 1 | _aHanaor, Ariel. | |
| 245 | 1 | 0 |
_aPrinciples of structures / _cAriel Hanaor. |
| 260 |
_aOxford, England ; _aMalden, MA : _bBlackwell Science, _c1998. |
||
| 300 |
_ax, 182 p. : _bill. ; _c24 cm. |
||
| 650 | 0 | _aStructural design. | |
| 942 |
_aSADA _cBK _k624.1771 HAN 1998 _2ddc |
||
| 999 |
_c352199 _d352199 |
||